00303nam a2200121Ia 45000030006000000080041000060400015000471000021000622450035000832600034001185460012001520050017001640STCL150530s9999 xx 000 0 und d aSTCLcSTCL aSharrock; Editor aEnglish short stories of today bOxford University pressc1976 aEnglish20220125171046.0